| 000 | 00551nam a22002057a 4500 | ||
|---|---|---|---|
| 003 | OSt | ||
| 005 | 20220208121021.0 | ||
| 008 | 220120b xxu||||| |||| 00| 0 eng d | ||
| 020 | _a9780367332594 | ||
| 040 | _cDUKLIB | ||
| 082 | _a005.1 MER/S | ||
| 100 |
_aMerkow, Mark S _918972 |
||
| 245 | _aSecure, resilient, and agile software development | ||
| 260 |
_aFlorida, _bCRC Press, _c 2020. |
||
| 300 | _axxi, 216 p. | ||
| 650 |
_aPROGRAMMING _918973 |
||
| 650 |
_aSOFTWARE DEVELOPMENT _918974 |
||
| 650 |
_aAGILE SOFTWARE _918975 |
||
| 942 |
_2ddc _cBK |
||
| 999 |
_c6923 _d6923 |
||